| 000 | 00416nam a2200133Ia 4500 | ||
|---|---|---|---|
| 008 | 210210b1983 xxu||||| |||| 00| 0 eng d | ||
| 082 | _a305.56 KANS | ||
| 100 | _aKANANAIKIL (Jose). | ||
| 245 | _aScheduled castes and the struggle against inequality. strategies to empower the marginalised. | ||
| 260 |
_aNew Delhi. _bIndian Social Institute., _c1983 |
||
| 300 | _a162 | ||
| 690 | _aSocial Structure | ||
| 906 | _a038076 | ||
| 999 |
_c88519 _d88519 |
||